ბათუმის შოთა რუსთაველის სახელმწიფო უნივერსიტეტის ბიბლიოთეკა

იმპულსური მოწყობილობების გაანგარიშება : დამხმ. სახელმძღვ. / (ბიბ.ჩანაწერი № 38950)

000 -ლიდერი
ფიქსირებული სიგრძის საკონტროლო ველი 00847nam a2200205Ia 4500
001 - საკონტროლო ნომერი
საკონტროლო ველი 5389
003 - საკონტროლო ნომრის იდენტიფიკატორი
საკონტროლო ველი GE_BSU
005 - ბოლო ოპერაციის თარიღი და დრო
საკონტროლო ველი 20190627205150.0
008 - ფიქსირებული სიგრძის მონაცემთა ელემენტები - ზოგადი ინფორმაცია
ფიქსირებული სიგრძის საკონტროლო ველი 181216s1984|||| |||||||||||||| ||geo||
041 ## - ენის კოდი
Language code of text/sound track or separate title geo
080 ## - უნივერსალური ათობითი კლასიფიკაციის ინდექსი
Universal Decimal Classification number 621.374(075.8) ღ-83
100 ## - მთავარი ჩანაწერი - პიროვნების სახელი
Personal name ღოღობერიძე, მ.
9 (RLIN) 3026
245 ## - ცნობა სათაურის შესახებ
Title იმპულსური მოწყობილობების გაანგარიშება : დამხმ. სახელმძღვ. /
Statement of responsibility, etc მ. ღოღობერიძე .
264 ## - წარმოების, გამოცემის, დისტრიბუციის და სხვა ცნობები
გამოცემის, წარმოების, დისტრიბუციის... ადგილი თბილისი :
გამოცემის, წარმოების, დისტრიბუციის... სახელწოდება სპი,
გამოცემის, წარმოების, დისტრიბუციის... თარიღი 1984.
300 ## - ფიზიკური აღწერა
Extent 104 გვ .:
Dimensions 20 სმ.
504 ## - BIBLIOGRAPHY, ETC. NOTE
Bibliography, etc ბიბლიოგრ.:გვ.103
653 ## - INDEX TERM--UNCONTROLLED
Uncontrolled term იმპულსური მოწყობილობების გაანგარიშება
653 ## - INDEX TERM--UNCONTROLLED
Uncontrolled term ტექნიკა
942 ## - ADDED ENTRY ELEMENTS (KOHA)
Koha item type წიგნი
Source of classification or shelving scheme
ეგზემპლარები
ჩამოწერის სტატუსი დაკარგული ეგზემპლარის სტატუსი კლასიფიკაციის წყარო ან თაროზე გაწყობის სქემა დაზიანების სტატუსი არ გაიცემა მუდმივი მდებარეობა (დაცვის ადგილი) ამჟამინდელი ადგილსამყოფელი თაროზე განთავსების ადგილი შეძენის თარიღი ღირებულება, შესყიდვის ნორმალური ფასი სრული შენახვის შიფრი შტრიხკოდი ბოლო ოპერაციის თარიღი ეგზემპლარის მიმდევრობითი ნომერი (კეტერი?) ფასის ძალაში შესვლის თარიღი ეგზემპლარის სახეობა საჯარო შენიშვნა
          ტექნოლოგიური ფაკულტეტის ბიბლიოთეკა ტექნოლოგიური ფაკულტეტის ბიბლიოთეკა წიგნსაცავი 2018-12-17 0.00 621.374(075.8) ღ-83 11003 2018-12-17 11003 2018-12-17 წიგნი 0,34 თ.
          ტექნოლოგიური ფაკულტეტის ბიბლიოთეკა ტექნოლოგიური ფაკულტეტის ბიბლიოთეკა წიგნსაცავი 2018-12-17 0.00 621.374(075.8) ღ-83 11002 2018-12-17 11002 2018-12-17 წიგნი 0,34 თ.
          ტექნოლოგიური ფაკულტეტის ბიბლიოთეკა ტექნოლოგიური ფაკულტეტის ბიბლიოთეკა წიგნსაცავი 2018-12-17 0.00 621.374(075.8) ღ-83 11001 2018-12-17 11001 2018-12-17 წიგნი 0,34 თ.
          ტექნოლოგიური ფაკულტეტის ბიბლიოთეკა ტექნოლოგიური ფაკულტეტის ბიბლიოთეკა წიგნსაცავი 2018-12-17 0.00 621.374(075.8) ღ-83 11000 2018-12-17 11000 2018-12-17 წიგნი 0,34 თ.
          ტექნოლოგიური ფაკულტეტის ბიბლიოთეკა ტექნოლოგიური ფაკულტეტის ბიბლიოთეკა წიგნსაცავი 2018-12-17 0.00 621.374(075.8) ღ-83 10999 2018-12-17 10999 2018-12-17 წიგნი 0,34 თ.